[Event "Roosendaal LBV op-A"]
[Site "Roosendaal"]
[Date "2012.08.16"]
[Round "1"]
[White "Broekmeulen, Joris"]
[Black "Sziva, Erika"]
[Result "1/2-1/2"]
[WhiteElo "1999"]
[BlackElo "2268"]
[PlyCount "107"]
[EventDate "2012.08.16"]
[EventType "swiss"]
[EventRounds "6"]
[EventCountry "NED"]
[SourceTitle "CBM 150 Extra"]
[Source "ChessBase"]
[SourceDate "2012.10.19"]
[SourceVersion "1"]
[SourceVersionDate "2012.10.19"]
[SourceQuality "1"]

1. e4 c5 2. Nf3 e6 3. d3 Nc6 4. g3 d5 5. Nbd2 Nf6 6. Bg2 Be7 7. 0-0 0-0 8. Re1 Qc7 9. Nf1 dxe4 10. dxe4 Rd8 11. Qe2 Nd4 12. Nxd4 cxd4 13. e5 Nd5 14. h4 Nb4 15. Be4 g6 16. a3 Nd5 17. Bd3 b6 18. h5 Bb7 19. Qg4 Bf8 20. Nh2 Bg7 21. Nf3 Ne7 22. Nxd4 gxh5 23. Nb5 hxg4 24. Nxc7 Rac8 25. Nb5 Rc5 26. Nd6 Ba8 27. Bf4 Ng6 28. Bxg6 hxg6 29. c3 Bf3 30. Re3 Ba8 31. Rd1 a6 32. Rd4 b5 33. a4 Rb8 34. Rb4 Rd5 35. Re1 g5 36. Bxg5 Bxe5 37. Ne4 Kg7 38. Bh4 bxa4 39. Rxa4 a5 40. Ng5 Rxb2 41. Rxg4 f5 42. Nxe6+ Kf7 43. Ng5+ Kg6 44. Rc4 Rdd2 45. Nh3 Re2 46. Rf1 Rec2 47. Rc5 Bxc3 48. Nf4+ Kg7 49. Rxf5 Be4 50. Ne6+ Kg6 51. Rf4 Bd5 52. Nd4 Bxd4 53. Rxd4 Rd2 54. Rxd2 1/2-1/2

[Event "Olympiad Women-34"]
[Site "Istanbul"]
[Date "2000.11.09"]
[Round "12.2"]
[White "Bojkovic, Natasa"]
[Black "Sziva, Erika"]
[Result "1/2-1/2"]
[WhiteElo "2420"]
[BlackElo "2311"]
[PlyCount "126"]
[EventDate "2000.10.28"]
[EventType "team-swiss"]
[EventRounds "14"]
[EventCountry "TUR"]
[SourceTitle "EXT 2001"]
[Source "ChessBase"]
[SourceDate "2000.11.22"]
[SourceVersion "1"]
[SourceVersionDate "2000.11.22"]
[SourceQuality "1"]
[WhiteTeam "Yugoslavia (W)"]
[BlackTeam "Netherlands (W)"]
[WhiteTeamCountry "YUG"]
[BlackTeamCountry "NED"]

1. e4 g6 2. d4 Bg7 3. Nc3 c6 4. Nf3 d5 5. h3 Nh6 6. Bd3 f6 7. 0-0 0-0 8. Re1 Nf7 9. Bf1 b6 10. b3 Bb7 11. Ba3 Re8 12. exd5 cxd5 13. Bb5 Bc6 14. Qe2 e6 15. Rad1 Bxb5 16. Nxb5 a6 17. Nc3 b5 18. Nb1 Nc6 19. c4 bxc4 20. bxc4 Nd6 21. Bxd6 Qxd6 22. cxd5 Qxd5 23. Nc3 Qd7 24. Na4 Qd6 25. Qc4 Nb4 26. Nc5 Nd5 27. Rd2 a5 28. Rde2 Rac8 29. Qb3 a4 30. Nxa4 Nf4 31. Re3 Nd5 32. R3e2 Nf4 33. Re3 Nd5 34. Re4 f5 35. R4e2 Nf4 36. Rd2 Bh6 37. Qd1 Rc4 38. Nc5 Bg7 39. Qb3 Qd5 40. Red1 Bxd4 41. Nd3 Nxd3 42. Rxd3 e5 43. Nxd4 exd4 44. Rxd4 Rxd4 45. Rxd4 Qxb3 46. axb3 Re1+ 47. Kh2 Rb1 48. Rd3 Rb2 49. Kg3 Kf7 50. f4 h6 51. h4 Kf6 52. Rc3 g5 53. hxg5+ hxg5 54. Rc6+ Kg7 55. fxg5 Rxb3+ 56. Kh4 Rb1 57. Rc7+ Kg6 58. Rc6+ Kg7 59. Rf6 Rh1+ 60. Kg3 Rf1 61. Ra6 Rb1 62. Kf4 Rf1+ 63. Ke5 Rf2 1/2-1/2

[Event "Olympiad Women-34"]
[Site "Istanbul"]
[Date "2000.11.07"]
[Round "10.2"]
[White "Sziva, Erika"]
[Black "Matveeva, Svetlana"]
[Result "1/2-1/2"]
[WhiteElo "2311"]
[BlackElo "2440"]
[PlyCount "59"]
[EventDate "2000.10.28"]
[EventType "team-swiss"]
[EventRounds "14"]
[EventCountry "TUR"]
[SourceTitle "EXT 2001"]
[Source "ChessBase"]
[SourceDate "2000.11.22"]
[SourceVersion "1"]
[SourceVersionDate "2000.11.22"]
[SourceQuality "1"]
[WhiteTeam "Netherlands (W)"]
[BlackTeam "Russia (W)"]
[WhiteTeamCountry "NED"]
[BlackTeamCountry "RUS"]

1. e4 e6 2. d4 d5 3. Nc3 Nf6 4. Bg5 Be7 5. e5 Nfd7 6. Bxe7 Qxe7 7. f4 0-0 8. Nf3 c5 9. dxc5 Nc6 10. Qd2 f6 11. exf6 Qxf6 12. g3 Nxc5 13. Bd3 Bd7 14. 0-0 Nxd3 15. cxd3 e5 16. Rae1 Bh3 17. Rf2 d4 18. Ne4 Qf5 19. Nxe5 Nxe5 20. fxe5 Qxe5 21. Rxf8+ Rxf8 22. Nf2 Qh5 23. Nxh3 Qxh3 24. Qg5 Qf5 25. Qxf5 Rxf5 26. Re4 Rc5 27. Kf2 Kf7 28. Re2 Kf6 29. g4 h5 30. gxh5 1/2-1/2

[Event "Olympiad Women-34"]
[Site "Istanbul"]
[Date "2000.11.04"]
[Round "7.2"]
[White "Ioseliani, Nana"]
[Black "Sziva, Erika"]
[Result "1-0"]
[WhiteElo "2476"]
[BlackElo "2311"]
[PlyCount "81"]
[EventDate "2000.10.28"]
[EventType "team-swiss"]
[EventRounds "14"]
[EventCountry "TUR"]
[SourceTitle "EXT 2001"]
[Source "ChessBase"]
[SourceDate "2000.11.22"]
[SourceVersion "1"]
[SourceVersionDate "2000.11.22"]
[SourceQuality "1"]
[WhiteTeam "Georgia (W)"]
[BlackTeam "Netherlands (W)"]
[WhiteTeamCountry "GEO"]
[BlackTeamCountry "NED"]

1. d4 Nf6 2. Nf3 g6 3. c4 Bg7 4. g3 d6 5. Bg2 0-0 6. 0-0 c5 7. Nc3 Nc6 8. d5 Na5 9. Nd2 e5 10. b3 a6 11. Bb2 Rb8 12. Qc2 b5 13. Rae1 Nh5 14. Nd1 Bh6 15. e3 Bf5 16. e4 Bd7 17. Ne3 b4 18. Qd1 Nb7 19. Bc1 a5 20. Nf5 Bg5 21. h4 Bf6 22. Nh6+ Kh8 23. Bf3 Bg7 24. Nf5 gxf5 25. Bxh5 f4 26. Kh2 Qf6 27. Bg4 Bxg4 28. Qxg4 Rg8 29. Nf3 Bh6 30. Qh3 a4 31. g4 Qd8 32. g5 Bf8 33. Qf5 Qe7 34. Bb2 Bg7 35. h5 f6 36. h6 Bf8 37. gxf6 Qf7 38. Rg1 Bxh6 39. Bxe5 Rxg1 40. Rxg1 Re8 41. Bb2 1-0

[Event "Olympiad Women-34"]
[Site "Istanbul"]
[Date "2000.10.31"]
[Round "4.2"]
[White "Xu, Yuhua"]
[Black "Sziva, Erika"]
[Result "1/2-1/2"]
[WhiteElo "2505"]
[BlackElo "2311"]
[PlyCount "82"]
[EventDate "2000.10.28"]
[EventType "team-swiss"]
[EventRounds "14"]
[EventCountry "TUR"]
[SourceTitle "EXT 2001"]
[Source "ChessBase"]
[SourceDate "2000.11.22"]
[SourceVersion "1"]
[SourceVersionDate "2000.11.22"]
[SourceQuality "1"]
[WhiteTeam "China (W)"]
[BlackTeam "Netherlands (W)"]
[WhiteTeamCountry "CHN"]
[BlackTeamCountry "NED"]

1. e4 g6 2. d4 Bg7 3. Nc3 c6 4. Bc4 d6 5. Nf3 Nf6 6. Bb3 0-0 7. a4 d5 8. exd5 cxd5 9. 0-0 Bg4 10. h3 Bxf3 11. Qxf3 e6 12. Ne2 Nc6 13. c3 Rc8 14. Ng3 Na5 15. Bc2 Nd7 16. Rd1 a6 17. Bf4 Qf6 18. Qe3 Nc4 19. Qc1 Qd8 20. b3 Na5 21. Qd2 Re8 22. Qd3 f5 23. Re1 Nc6 24. Re2 e5 25. dxe5 Ndxe5 26. Bxe5 Nxe5 27. Qd2 Nf7 28. Rd1 Bxc3 29. Rxe8+ Qxe8 30. Qxd5 Qc6 31. Ne2 Qxd5 32. Rxd5 Bf6 33. Bb1 Kf8 34. g3 Rd8 35. Nf4 Rxd5 36. Nxd5 Bd4 37. Kg2 Ke8 38. g4 fxg4 39. hxg4 a5 40. f4 Nd6 41. Bd3 Kf7 1/2-1/2

[Event "BL 0001 (Women)"]
[Site "Germany"]
[Date "2000.??.??"]
[Round "2.5"]
[White "Sziva, Erika"]
[Black "Berglitz, Regina"]
[Result "1-0"]
[WhiteElo "2311"]
[BlackElo "2127"]
[PlyCount "91"]
[EventDate "2000.10.??"]
[EventType "team-tourn"]
[EventRounds "11"]
[EventCountry "GER"]
[SourceTitle "CBM 082 Extra"]
[Source "ChessBase"]
[SourceDate "2001.07.03"]
[SourceVersion "1"]
[SourceVersionDate "2001.07.03"]
[SourceQuality "1"]
[WhiteTeam "Heiligenhaus (W)"]
[BlackTeam "Hamburger SK (W)"]
[WhiteTeamCountry "GER"]
[BlackTeamCountry "GER"]

1. e4 d5 2. exd5 Qxd5 3. Nc3 Qa5 4. d4 c6 5. Bc4 Bf5 6. Nf3 Nf6 7. Bd2 e6 8. Qe2 Bb4 9. a3 Nbd7 10. 0-0 Bxc3 11. Bxc3 Qc7 12. Ne5 0-0 13. b4 Nd5 14. Bb2 Rad8 15. g3 Nxe5 16. dxe5 Rd7 17. Bb3 c5 18. Rfd1 Qc6 19. c4 Nb6 20. Rxd7 Nxd7 21. Rd1 Nb8 22. Rd6 Qc8 23. Qd2 Nc6 24. b5 Ne7 25. f3 h5 26. Qg5 Re8 27. Qxh5 Bg6 28. Qg5 Nf5 29. Rd1 Kf8 30. Qd2 Kg8 31. Bc3 Kh7 32. Kf2 Kg8 33. g4 Ne7 34. h4 Kf8 35. h5 Bh7 36. Qg5 Ng8 37. Rd6 Qc7 38. Qd2 Qe7 39. Kg3 Qc7 40. Rd7 Qc8 41. Qd6+ Ne7 42. Rc7 Qd8 43. Rxb7 Qa8 44. Qc7 Qd8 45. Qxd8 Rxd8 46. Ba5 1-0

[Event "Oberliga NRW 9900 I"]
[Site "Germany"]
[Date "1999.11.22"]
[Round "2.5"]
[White "Krallmann, Matthias"]
[Black "Sziva, Erika"]
[Result "1/2-1/2"]
[WhiteElo "2285"]
[BlackElo "2295"]
[PlyCount "112"]
[EventDate "1999.10.26"]
[EventType "team"]
[EventRounds "9"]
[EventCountry "GER"]
[SourceTitle "EXT 2001"]
[Source "ChessBase"]
[SourceDate "2000.11.22"]
[SourceVersion "1"]
[SourceVersionDate "2000.11.22"]
[SourceQuality "1"]
[WhiteTeam "Lohmar"]
[BlackTeam "Heiligenhaus"]
[WhiteTeamCountry "GER"]
[BlackTeamCountry "GER"]

1. d4 Nf6 2. c4 g6 3. Nf3 Bg7 4. g3 d6 5. Bg2 0-0 6. 0-0 c5 7. Nc3 Nc6 8. d5 Na5 9. Nd2 e5 10. e4 Ng4 11. b3 f5 12. exf5 gxf5 13. h3 Nh6 14. Bb2 a6 15. Qc2 Rb8 16. Rae1 b5 17. Ne2 Bd7 18. Bc3 b4 19. Bb2 Nb7 20. f4 a5 21. Nc1 Nf7 22. Kh2 Qe7 23. Nd3 Rbe8 24. fxe5 dxe5 25. Nf3 e4 26. Bxg7 Kxg7 27. Nf4 Ne5 28. Nxe5 Qxe5 29. Qd1 Nd6 30. Qh5 Rf7 31. Qg5+ Kh8 32. Qh6 Rg7 33. Nh5 Rg6 34. Qf4 Qe7 35. Qf2 Rg5 36. Qb2+ Qe5 37. Qxe5+ Rxe5 38. Nf4 Re8 39. Re3 a4 40. Rfe1 axb3 41. axb3 Ra8 42. Rd1 Rgg8 43. Rd2 Ra3 44. Bf1 Rga8 45. Ne6 R3a5 46. Be2 Re8 47. Nf4 Ra3 48. Kg2 Rea8 49. Ne6 R3a5 50. Kf2 Re8 51. Nf4 Kg7 52. Bd1 Kf6 53. Bc2 Ra1 54. Bd1 Ra3 55. Bc2 Ra1 56. Bd1 Ra3 1/2-1/2

[Event "NED-ch (Women)"]
[Site "Rotterdam"]
[Date "1999.11.17"]
[Round "9"]
[White "Peng, Zhaoqin"]
[Black "Sziva, Erika"]
[Result "1/2-1/2"]
[WhiteElo "2449"]
[BlackElo "2290"]
[PlyCount "96"]
[EventDate "1999.11.08"]
[EventType "tourn"]
[EventRounds "10"]
[EventCountry "NED"]
[EventCategory "1"]
[SourceTitle "CBM 073 Extra"]
[Source "ChessBase"]
[SourceDate "2000.01.11"]
[SourceVersion "1"]
[SourceVersionDate "2000.01.11"]
[SourceQuality "1"]

1. d4 Nf6 2. c4 g6 3. Nc3 Bg7 4. e4 d6 5. f3 0-0 6. Nge2 c5 7. d5 e6 8. Ng3 exd5 9. cxd5 a6 10. a4 Re8 11. Be2 Nbd7 12. 0-0 h5 13. Bg5 Qa5 14. Qd2 Nh7 15. Bh6 Bh8 16. Rfe1 Rb8 17. Kh1 Qd8 18. Be3 b6 19. Rab1 Ndf6 20. Bd3 Qc7 21. Rec1 Bb7 22. b4 Nd7 23. a5 b5 24. f4 c4 25. Bc2 Qd8 26. Rf1 Nhf6 27. h3 Qe7 28. Bd4 h4 29. Nge2 Bg7 30. Kg1 Bh6 31. Qe1 Nh5 32. Qf2 Rf8 33. Rbe1 Rbe8 34. Qf3 Ng7 35. Qg4 Bc8 36. Qf3 Bb7 37. Bf2 g5 38. e5 gxf4 39. Nxf4 Nxe5 40. Qe4 f5 41. Qd4 Qd8 42. Kh1 Bg5 43. Re2 Qf6 44. Be3 Qh6 45. Bd2 Ng6 46. Nxg6 Qxg6 47. Bxg5 Qxg5 48. Kg1 Rxe2 1/2-1/2

[Event "NED-ch (Women)"]
[Site "Rotterdam"]
[Date "1999.11.16"]
[Round "8"]
[White "Sziva, Erika"]
[Black "Lanchava, Tea"]
[Result "1/2-1/2"]
[WhiteElo "2290"]
[BlackElo "2297"]
[PlyCount "34"]
[EventDate "1999.11.08"]
[EventType "tourn"]
[EventRounds "10"]
[EventCountry "NED"]
[EventCategory "1"]
[SourceTitle "CBM 073 Extra"]
[Source "ChessBase"]
[SourceDate "2000.01.11"]
[SourceVersion "1"]
[SourceVersionDate "2000.01.11"]
[SourceQuality "1"]

1. e4 g6 2. d4 d6 3. Nc3 Bg7 4. f4 Nf6 5. Nf3 0-0 6. Be2 Na6 7. e5 Ng4 8. h3 Nh6 9. Be3 f6 10. 0-0 Nf5 11. Bf2 e6 12. Bc4 fxe5 13. fxe5 Nb4 14. a3 Nc6 15. Qe2 dxe5 16. dxe5 Nfd4 17. Nxd4 Nxd4 1/2-1/2

[Event "NED-ch (Women)"]
[Site "Rotterdam"]
[Date "1999.11.11"]
[Round "4"]
[White "De Mie, Mariska"]
[Black "Sziva, Erika"]
[Result "0-1"]
[WhiteElo "2171"]
[BlackElo "2290"]
[PlyCount "64"]
[EventDate "1999.11.08"]
[EventType "tourn"]
[EventRounds "10"]
[EventCountry "NED"]
[EventCategory "1"]
[SourceTitle "CBM 073 Extra"]
[Source "ChessBase"]
[SourceDate "2000.01.11"]
[SourceVersion "1"]
[SourceVersionDate "2000.01.11"]
[SourceQuality "1"]

1. e4 g6 2. d4 Bg7 3. Nc3 c6 4. h3 d5 5. Nf3 Nh6 6. Bf4 0-0 7. exd5 cxd5 8. Qd2 Nf5 9. Nb5 a6 10. Nc7 e5 11. Nxa8 exf4 12. a4 Nc6 13. a5 Re8+ 14. Kd1 Nfxd4 15. Nxd4 Bxd4 16. Nb6 Bxb2 17. Rb1 Bd4 18. Nxc8 Qxc8 19. Bd3 Qc7 20. Re1 Rc8 21. Re2 Nxa5 22. Qe1 Nc6 23. Re8+ Kg7 24. Rxc8 Qxc8 25. Qe2 Ne5 26. Qd2 f3 27. g4 Bc3 28. Qe3 b5 29. Bxb5 axb5 30. Rxb5 Qc4 31. Rc5 Qf1+ 32. Qe1 Qxe1# 0-1

[Event "NED-ch (Women)"]
[Site "Rotterdam"]
[Date "1999.11.10"]
[Round "3"]
[White "Lanchava, Tea"]
[Black "Sziva, Erika"]
[Result "1/2-1/2"]
[WhiteElo "2297"]
[BlackElo "2290"]
[PlyCount "80"]
[EventDate "1999.11.08"]
[EventType "tourn"]
[EventRounds "10"]
[EventCountry "NED"]
[EventCategory "1"]
[SourceTitle "CBM 073 Extra"]
[Source "ChessBase"]
[SourceDate "2000.01.11"]
[SourceVersion "1"]
[SourceVersionDate "2000.01.11"]
[SourceQuality "1"]

1. d4 Nf6 2. c4 g6 3. Nc3 Bg7 4. e4 d6 5. f4 c5 6. d5 0-0 7. Nf3 e6 8. Be2 exd5 9. cxd5 Re8 10. e5 dxe5 11. fxe5 Ng4 12. 0-0 Nxe5 13. Bf4 Bf5 14. Nxe5 Bxe5 15. Qd2 Nd7 16. Rad1 h5 17. d6 Qb6 18. Bxe5 Rxe5 19. Bc4 Kg7 20. Nd5 Qxd6 21. Qc3 Nf6 22. Nb6 Qxb6 23. Qxe5 Re8 24. Qc3 Qb4 25. Qc1 Re5 26. a3 Qa5 27. Bd3 Bg4 28. Qf4 Re6 29. Bc4 Bxd1 30. Bxe6 Qd8 31. Bd5 Qxd5 32. Qxf6+ Kg8 33. Re1 Ba4 34. h3 Bc6 35. Re2 a6 36. Qc3 Qd1+ 37. Kf2 Qd5 38. Kg1 Qd1+ 39. Re1 Qd5 40. Re2 Qd1+ 1/2-1/2

[Event "Olympiad Women-33"]
[Site "Elista"]
[Date "1998.10.03"]
[Round "5"]
[White "Sziva, Erika"]
[Black "Stockova, Zuzana"]
[Result "1/2-1/2"]
[WhiteElo "2295"]
[BlackElo "2335"]
[PlyCount "49"]
[EventDate "1998.09.29"]
[EventType "team-swiss"]
[EventRounds "13"]
[EventCountry "RUS"]
[SourceTitle "CBM 066 Extra"]
[Source "ChessBase"]
[SourceDate "1998.11.06"]
[SourceVersion "1"]
[SourceVersionDate "1998.11.06"]
[SourceQuality "1"]

1. e4 c5 2. Nf3 Nc6 3. d4 cxd4 4. Nxd4 g6 5. Nc3 Bg7 6. Nb3 Nf6 7. Be2 0-0 8. 0-0 d6 9. Bg5 Be6 10. Kh1 Na5 11. Nd5 Bxd5 12. exd5 Rc8 13. c3 Nc4 14. Bxc4 Rxc4 15. Qd3 Rc8 16. Rae1 Re8 17. Re2 Qd7 18. a3 Qg4 19. Bxf6 Bxf6 20. Re4 Qf5 21. Kg1 Rc7 22. Rd1 Rec8 23. Qe2 Qd7 24. g3 Re8 25. Qd3 1/2-1/2

[Event "NED-ch (Women)"]
[Site "Rheden"]
[Date "1998.??.??"]
[Round "3"]
[White "Lanchava, Tea"]
[Black "Sziva, Erika"]
[Result "1-0"]
[WhiteElo "2260"]
[BlackElo "2310"]
[PlyCount "78"]
[EventDate "1998.06.??"]
[EventType "tourn"]
[EventRounds "9"]
[EventCountry "NED"]
[SourceTitle "EXT 1999"]
[Source "ChessBase"]
[SourceDate "1998.11.16"]
[SourceVersion "1"]
[SourceVersionDate "1998.11.16"]
[SourceQuality "1"]

1. d4 Nf6 2. c4 g6 3. Nc3 Bg7 4. e4 d6 5. f4 0-0 6. Nf3 c5 7. d5 e6 8. Be2 exd5 9. cxd5 Re8 10. e5 dxe5 11. fxe5 Ng4 12. Bg5 Qb6 13. 0-0 Nxe5 14. d6 Bf5 15. Nd5 Qxb2 16. Ne7+ Rxe7 17. dxe7 Nbc6 18. Kh1 Re8 19. Rc1 h6 20. Bh4 Nd7 21. Bd3 Bxd3 22. Qxd3 Nf6 23. Rxc5 g5 24. Nxg5 Rxe7 25. Nh7 Re6 26. Nxf6+ Bxf6 27. Qg3+ Bg7 28. Qf4 Ne5 29. Rc8+ Kh7 30. Qf5+ Rg6 31. Rc2 Qb4 32. Bg3 Ng4 33. Qxf7 Ne3 34. Rc8 Rb6 35. Re1 Rf6 36. Qg8+ Kg6 37. Rc2 Nf5 38. Be5 Qd2 39. Qe8+ Rf7 1-0

[Event "HUN-chT 9899"]
[Site "Hungary"]
[Date "1998.??.??"]
[Round "?"]
[White "Pergel, Laszlo"]
[Black "Sziva, Erika"]
[Result "1/2-1/2"]
[WhiteElo "2245"]
[BlackElo "2295"]
[PlyCount "114"]
[EventDate "1998.??.??"]
[EventType "team"]
[EventRounds "12"]
[EventCountry "HUN"]
[SourceTitle "EXT 2000"]
[Source "ChessBase"]
[SourceDate "1999.11.16"]
[SourceVersion "1"]
[SourceVersionDate "1999.11.16"]
[SourceQuality "1"]

1. e4 c5 2. Nf3 e6 3. Nc3 Nc6 4. d4 cxd4 5. Nxd4 Qc7 6. g3 a6 7. Bg2 Nf6 8. 0-0 Bc5 9. Be3 Ne5 10. Bg5 b5 11. Nb3 Ba7 12. Kh1 Bb7 13. Qe2 Rc8 14. Rae1 d6 15. f4 Nc4 16. Bxf6 gxf6 17. Nd1 h5 18. h3 Rd8 19. Nd2 Nxd2 20. Qxd2 a5 21. c3 Qb8 22. Ne3 Qa8 23. Qd3 Bxe3 24. Rxe3 Bc6 25. Rd1 f5 26. Rd2 fxe4 27. Bxe4 Bxe4+ 28. Qxe4 Qxe4+ 29. Rxe4 Ke7 30. Kg2 f5 31. Re3 Kf6 32. Red3 Ke7 33. Re2 Kf6 34. Red2 Ke7 35. a4 bxa4 36. Rd4 a3 37. bxa3 Rd7 38. Ra4 Rc8 39. Rxa5 Rxc3 40. Ra8 Rb7 41. Rh8 Rbb3 42. Rh7+ Kf6 43. Rh6+ Kf7 44. Rxh5 Rxg3+ 45. Kh2 d5 46. a4 Rgf3 47. Re2 Rxf4 48. Rh7+ Kg6 49. Re7 Rh4 50. R7xe6+ Kg5 51. Rf2 Re4 52. Rd6 Rd3 53. Rd8 f4 54. Rf8 Ree3 55. R8xf4 Rxh3+ 56. Kg2 Rhg3+ 57. Kf1 Kg6 1/2-1/2